[Event "Southwest op 84th"]
[Site "Irving"]
[Date "2018.09.02"]
[Round "6"]
[White "Kovalyov, Anton"]
[Black "Sadorra, Julio Catalino"]
[Result "0-1"]
[WhiteElo "2644"]
[BlackElo "2555"]
[Annotator "Sadorra, Julio"]
[PlyCount "68"]
[EventDate "2018.08.30"]
[EventType "swiss"]
[EventRounds "9"]
[EventCountry "USA"]
[SourceTitle "CBM 186 Extra"]
[Source "ChessBase"]
[SourceDate "2018.08.24"]
[SourceVersion "1"]
[SourceVersionDate "2018.08.24"]
[SourceQuality "1"]

{This was my favorite and the most crucial game for me in this pre-2018
Olympiad warm-up event for these reasons: 1) I faced a world-class opponent
which will test my skills and help me get in the best shape possible. 2) It is
a high-value game the result of which determined my mental and emotional state
for the rest of the tournament.} 1. c4 e6 2. g3 d5 3. Bg2 Nf6 4. Nf3 {This
came as no surprise as Anton has been a life-long Reti player and an expert in
playing typical middlegame structures arising from either Reti or Catalan.} Be7
5. O-O O-O 6. b3 b6 7. Bb2 Bb7 8. cxd5 $5 {This was a bit of a surprise as
I've only seen him play original Reti way with e3, Nc3, Qe2. But knowing that
I play this as well White, it is reasonable for him to assume that I would
know how to handle the Black side well.} Nxd5 (8... exd5 9. d4 {transposes to
Queen's Indian-type middlegames which is not what I was aiming for.}) 9. d4 c5
{The most principled move.} ({I remember} 9... Nd7 {was played in last year's
US Champs in which White did well.} 10. Re1 c5 11. e4 N5f6 12. Nc3 cxd4 13.
Nxd4 Ne5 14. Qe2 Bc5 15. Red1 $36 {1-0 (45) So,W (2822)-Onischuk,A (2667)
Saint Louis 2017. For more details in this game see Megabase 2019.}) 10. Nbd2 (
{If} 10. e4 {the both retreats to c7 and f6 should give Black a good, solid
middlegame.} Nc7 (10... Nf6 $5) 11. Nbd2 Nc6 12. Nc4 Nxd4 13. Nxd4 cxd4 14.
Bxd4 Rc8 (14... Nb5 15. Bb2 Qxd1 16. Rfxd1 Rfd8 17. a4 Nc7 18. a5 b5 19. a6 $5
$36 {1-0 (56) Cheparinov,I (2702)-Wang,Y (2690) China 2018}) (14... f6 15. Rc1
e5 16. Be3 $14) 15. Rc1 (15. a4 $6 Na6 16. a5 b5 17. Ne3 Nc5 $15) 15... Nb5 16.
Bb2 Qxd1 17. Rfxd1 Rfd8 18. a4 Nd6 $11) 10... Nd7 11. Rc1 Rc8 {All of the
previous moves were played played quickly as they're principled. Now I think
Black has no problems in this middlegame and could hope to exploit the c3
square especially after the trade of his dark-squared bishop.} 12. dxc5 Nxc5
13. Nd4 {Played after a good think. My opponent of course saw my queenside
plan and tried prevent it.} ({Interestingly this position has been played
before and we are lucky to see how a World Champion handle the Black side well
enough to slowly outplay White!} 13. a3 b5 ({During the game, I was also
considering of starting with a5 followed by b5-b4.} 13... a5 $5) 14. Rc2 Qb6
15. Bd4 Qa6 16. b4 Na4 17. Nb3 f6 18. Na5 Ba8 19. Bh3 f5 20. Bg2 Qd6 21. Be5
Qd7 22. Rxc8 Rxc8 23. Qa1 Ndc3 24. Re1 Bd5 $1 {Almost all of Black's minor
pieces are dominating their counterparts.} 25. h4 Bf6 $1 {trading off the best
placed enemy piece.} 26. Bxf6 gxf6 27. e3 e5 $17 {And Black eventually won
with his decisive positional advantage. 0-1 (44) Rubinetti,J (2430)-Spassky,B 
(2640) Buenos Aires 1979}) 13... Bg5 $1 {After digging deep and seeing how he
wanted to improve his position, I found this annoyingly unpleasant move.} ({
At first I considered normal moves like} 13... Bf6 14. Nc4 {[%cal Ge2e4]}) (
13... a6 14. a4 {But in all these lines, I didn't see a clear way increase
pressure on the queenside or give him problems with his piece placement.}) 14.
N4f3 {After another long think, he realized that he's slightly worse and
pursuing equality is the best way to go.} (14. Rc2 $2 Ne3 15. fxe3 Bxe3+ 16.
Kh1 Bxg2+ 17. Kxg2 Bxd4 $19) (14. e3 Nxe3 15. fxe3 Bxe3+ $19) ({I was somewhat
expecting the prophylactic} 14. Kh1 {but I can gradually make progress with}
Qe7 (14... Bh6 $5) 15. a3 a5 $1 $36 {with Rfd8 next.}) 14... Bf6 15. Ne5 Bg5
16. Nef3 {A silent draw offer, after which I spent some time thinking about my
possibilities and fighting an inner struggle to play on or settle for a solid
result.} Bh6 $1 {This may seem such a normal and easy move from the outsider's
perspective but things are much different during play when one's mind start to
consider other things such as tournament standings and the opponent. Several
thoughts were involved in the moment before playing this move, and when one is
distracted bad decisions and moves are likely to follow. Therefore, I took
much time regaining clarity by going back to my "Why"s--purpose of playing
this tournament. Soon as this was resolved, I was able to play Bh6, clearly
calculate and confidently play my next moves.} 17. Rc4 {He starts to look for
dynamic counterplay on the kingside, because my queenside expansion is
imminent.} b5 18. Rh4 b4 {natural and strong.} 19. Qe1 {preparing knight to c4.
} (19. Nc4 Nc3 $17 20. Bxc3 Qxd1 (20... bxc3 21. Qc2) 21. Rxd1 bxc3 22. e3 c2
23. Rc1 Rfd8 $1 24. Rd4 Rxd4 25. Nxd4 Bxg2 26. Kxg2 Nd3 27. Rxc2 Ne1+ $19)
19... a5 20. Nc4 {I thought this was a critical moment as I had check his
possible threats and assess the exchange sac idea on h6.} a4 {I decided to
continue with my attack as I noticed an important defensive move against his
knight adventure to g4.} (20... f6 {weakens e6 and gives him counterplay on he
light squares.} 21. Nd4) (20... Ba6 21. Nce5 {[%cal Ge5g4]}) 21. Nce5 f5 $1 {
This is it. With a pawn on f5, I not only prevent his knight going to g4 but
also create a good square for my pieces on e4 and later make his rook more
isolated on h4.} 22. Nd3 (22. Rd4 axb3 23. axb3 Nxb3 $17) ({It's probably best
practically to play} 22. Rxh6 $5 gxh6 23. Nd4 axb3 (23... Qe7 24. Bxd5 Bxd5 25.
Qxb4 $13) 24. axb3 Re8 25. Qd2 Qg5 $15 26. f4 Qe7) 22... a3 {cramping the
bishop and fixing a target on a2.} 23. Ba1 (23. Bc1 $4 Nxd3 24. exd3 Bxc1 $19)
(23. Be5 {is also possible but it looks artifical to take the square away from
the knights.} Ne4 $15) 23... Ne4 {My pieces are dominating the entire board.}
24. Nd4 $5 {his last try was to lure me in complications if I engage in some
forcing play.} Qd6 $1 ({I didn't even calculate the forcing or complex ideas
that much as I saw a solid positional move keep things under control.} 24...
Ne3 25. Rxh6 $1 (25. Nxe6 Nxg2) 25... Nxg2 26. Qxb4 $16) 25. Nf3 Ndc3 26. Bxc3
bxc3 27. Nfe5 Bd2 {Otherwise he shuts it out with f2-f4.} 28. Qa1 {Now it's
just a matter of accurate calculation.} c2 29. Nc4 Rxc4 30. bxc4 Nc3 31. Nc1 (
31. Bxb7 {will be met with the same tactical idea as in the game:} Nxe2+ 32.
Kg2 Bc3 $19) 31... Rb8 $1 {Simple and effective. It's also most principled as
it brings the worst place piece into play!} 32. Bxb7 (32. Nb3 Nxe2+ 33. Kh1 Bc3
$19) (32. c5 Qxc5 33. Nb3 Nxe2+ 34. Kh1 Bxg2+ 35. Kxg2 Qd5+ 36. f3 Bc3 $19)
32... Rxb7 33. Nb3 Nxe2+ 34. Kg2 Bc3 {I felt really satisfied with both my
decisions, play and the result of this game. The rest of the games were also
tough against other players hungry to win and fight for the top spots. In the
end, I tied for first with GM Jeffery Xiong and a UT Dallas chess scholar IM
Cameron Wheeler. It was mission accomplished as I was able to play helpful
"training games" and put myself in a good state of mind going into the most
important tournament of the year.} 0-1

[Event "Linares 09th"]
[Site "Linares"]
[Date "1991.??.??"]
[Round "11"]
[White "Salov, Valery"]
[Black "Beliavsky, Alexander G"]
[Result "1-0"]
[WhiteElo "2645"]
[BlackElo "2640"]
[Annotator "Salov,V"]
[PlyCount "73"]
[EventDate "1991.02.??"]
[EventType "tourn"]
[EventRounds "13"]
[EventCountry "ESP"]
[EventCategory "17"]
[SourceTitle "CBM 022"]
[Source "ChessBase"]
[SourceDate "1991.06.01"]
[SourceVersion "1"]
[SourceVersionDate "1991.06.01"]
[SourceQuality "1"]

1. c4 {Ribli} e6 2. g3 d5 3. Bg2 Nf6 4. Nf3 Be7 5. O-O O-O 6. b3 c5 7. Bb2 Nc6
8. cxd5 (8. e3 $5 d4 9. exd4 cxd4 10. Re1 Ne8 $1 11. d3 f6 12. Na3 e5 13. Nc2
$1 (13. Qe2 $6 Bg4 14. h3 Be6 15. Nb5 Bc5 16. Ba3 Bxa3 17. Nxa3 Qd7 $15 {
Damljanovic-Ivanchuk,Reggio Emilia 1988/89}) 13... Nc7 14. Qd2 a5 15. a3 Na6
16. b4 $3 $16 {Lautier-Kotronias,Sochi 1989}) 8... Nxd5 (8... exd5 9. d4 $14)
9. Nc3 Nxc3 $1 (9... Bf6 10. Qc1 b6 11. Nxd5 exd5 12. d4 $1 $14) 10. Bxc3 Qc7 (
10... Bd7 {Ribli} 11. Qc1 Rc8 12. Qb2 Bf6 13. d4 cxd4 14. Nxd4 Nxd4 15. Bxd4
Bc6 16. Bxf6 Qxf6 17. Qxf6 gxf6 $10 {Ribli-Langeweg Amsterdam 1974}) 11. Qc2
Rd8 $1 (11... e5 $6 12. b4 $1 cxb4 13. Bxe5 $16) 12. Qb2 Bf8 (12... f6 $6 13.
d4 cxd4 14. Nxd4 Nxd4 15. Bxd4 $16) 13. Rac1 Qb6 $1 (13... Bd7 14. d4 $1 $14)
14. d3 Bd7 15. Ne5 $5 (15. Nd2 $10) 15... Nxe5 16. Bxe5 Rac8 17. Rc4 $5 {
/\Rc4-g4->} f6 $8 18. Bxf6 $5 (18. Bf4 e5 19. Be3 $10) 18... gxf6 19. Qxf6 Be8
$8 20. Rg4+ Bg6 21. h4 (21. Be4 $142 Bg7 22. Qg5 Qc7 (22... h5 $2 23. Qxg6 hxg4
24. f3 $1 $40) 23. Bxg6 hxg6 24. Qxg6 Qf7 $10) 21... Bg7 22. Qg5 h5 (22... c4
$5 23. bxc4 (23. h5 $2 Rc5 $1) 23... Rc5 24. Qe7 $13) (22... Rf8 $5 23. Be4 Rf5
24. Bxf5 exf5 $13) (22... Rd4 $5) 23. Qxg6 hxg4 24. Be4 Rc7 $1 25. Kg2 Rf7 26.
h5 Rf6 27. Qxg4 $44 Kf7 (27... Kh8 $142) 28. f4 Bh6 29. Bg6+ Kf8 (29... Ke7 $6
30. Qh4 $1 {/\g3-g4-g5}) (29... Kg7 $5 30. Rf3 $44) 30. Rf3 Qb4 31. Qh4 $1 Kg7
32. e4 (32. g4 $2 Rdf8 33. g5 Rxf4 34. gxh6+ Kxh6 $19) 32... e5 (32... Qd2+ 33.
Rf2 Qxd3 34. e5 (34. Qxf6+ $5 Kxf6 35. e5+) 34... Rxg6 35. Qe7+ Kg8 36. hxg6
Qd5+ 37. Kh2 Rd7 38. Qe8+ Kg7 39. f5 $40) 33. fxe5 Qd2+ 34. Kh3 Rxf3 35. Qxd8
Qg5 $2 $138 (35... Rxg3+ $142 $1 36. Kxg3 Qe3+ $10 (36... Qe3+ {Ribli} 37. Kg2
Qe2+ 38. Kg3 Qe3+ $10)) 36. Qd7+ Kg8 $4 (36... Kf8 37. Qc8+ Kg7 38. Qxb7+ Kf8
39. Qb8+ Kg7 40. Qxa7+ Kf8 41. Qxc5+ Qe7 $13) 37. Qh7+ (37. Qh7+ Kf8 38. Qh8+
Ke7 39. Qe8#) 1-0

[Event "Arnhem Euwe Stimulans-A"]
[Site "Arnhem"]
[Date "2007.08.23"]
[Round "6"]
[White "Olafsson, Fridrik"]
[Black "Simutowe, Amon"]
[Result "0-1"]
[WhiteElo "2452"]
[BlackElo "2421"]
[Annotator "Simutowe,A"]
[PlyCount "76"]
[EventDate "2007.08.17"]
[EventType "tourn"]
[EventRounds "9"]
[EventCountry "NED"]
[EventCategory "7"]
[SourceTitle "CBM 119 Extra"]
[Source "ChessBase"]
[SourceDate "2007.09.04"]
[SourceVersion "1"]
[SourceVersionDate "2007.09.04"]
[SourceQuality "1"]

1. c4 Nf6 2. Nf3 e6 3. g3 d5 4. b3 Be7 5. Bg2 O-O 6. O-O b6 7. Bb2 Bb7 8. e3
dxc4 {Opening the diagonal for the bishop on b7. It would have been difficult
for Black to do so after White played Ne5.} 9. bxc4 c5 {The d3-square is weak
but Black cannot capitalise on it yet...} 10. Qe2 Nc6 11. Rd1 Rc8 12. Nc3 Qc7
13. Rab1 Qb8 14. Ng5 Rfd8 15. d3 h6 16. Nge4 Rd7 17. f4 Rcd8 18. a3 Nxe4 19.
Nxe4 f5 {This move prevents a big threat - Qg4.} 20. Nf2 Rf8 21. g4 Bh4 22.
gxf5 exf5 23. Qh5 Qd8 24. Bd5+ Kh7 25. Qf3 Na5 26. e4 Bxf2+ 27. Kxf2 (27. Qxf2
$2 fxe4 28. dxe4 {and Black is much better after} Nxc4 $1) 27... fxe4 28. Bxe4+
Bxe4 29. Qxe4+ Kh8 30. Kg2 Qa8 $1 {Exchanging queens is the easiest way for
Black to win because of the weak pawns on d3 and f4.} 31. Bc3 Nc6 32. Re1 Nd4
33. Qxa8 Rxa8 34. Re4 Nf5 35. Kf2 Rxd3 36. Rc1 Kh7 37. Re5 Rf8 38. Rd5 Nd4 0-1

[Event "Kecskemet Toth Memorial-07"]
[Site "Kecskemet"]
[Date "1979.06.10"]
[Round "9"]
[White "Csom, Istvan"]
[Black "Tompa, Janos"]
[Result "0-1"]
[WhiteElo "2510"]
[BlackElo "2420"]
[Annotator "Tompa,J"]
[PlyCount "58"]
[EventDate "1979.06.02"]
[EventType "tourn"]
[EventRounds "15"]
[EventCountry "HUN"]
[EventCategory "9"]
[SourceTitle "EXT 1999"]
[Source "ChessBase"]
[SourceDate "1998.11.16"]
[SourceVersion "1"]
[SourceVersionDate "1998.11.16"]
[SourceQuality "1"]

1. Nf3 Nf6 2. c4 e6 3. Nc3 b6 4. g3 Bb7 5. Bg2 c5 6. O-O Be7 7. b3 O-O 8. Bb2
d5 9. cxd5 (9. e3 dxc4 10. bxc4 Nc6 11. Qe2 Rc8 12. Rfd1 Na5 13. d3 a6 14. Rab1
Qc7 15. Ba1 Nd7 16. Bh3 Bf6 $11 {Csom,I-Nunn,J Buenos Aires, 1978.}) 9... Nxd5
10. Nxd5 (10. Rc1 Nd7 11. Nxd5 Bxd5 12. d4 Bf6 13. Qd2 Rc8 14. Rfd1 Qe7 15. Ba3
Rfd8 16. Qe3 Qd6 17. dxc5 bxc5 18. Rd2 h6 19. Bb2 Bxb2 20. Rxb2 Nb6 $11 {
Smyslov,V-Ribli,Z Leningrad, 1977.}) (10. d4 Nd7 11. Rc1 Nxc3 12. Bxc3 Bf6 13.
Qd2 Rc8 14. Rfd1 Qe7 {0,5-0,5 Gheorghiu,F-Ribli,Z Leningrad, 1977.}) 10... Bxd5
11. Qc2 (11. d4 Bf6 12. Qd3 Nd7 13. Rad1 cxd4 14. Bxd4 Rc8 15. e4 Bb7 16. Ba1
Rc7 17. e5 Be7 18. Nd2 Bxg2 19. Kxg2 Nxe5 $1 20. Qxd8 Rxd8 21. Bxe5 Rcd7 22.
Bc3 Bf6 $17 {Jansa,V-Adorjan,A Budapest Tungsram, 1978.}) 11... Nd7 12. Rac1
Rc8 13. Qb1 Bf6 14. Rfd1 Bxb2 (14... Qe7 $6 15. Ba3 $1) 15. Qxb2 Qf6 $6 (15...
Rc7 $142) 16. d4 Rfd8 (16... a5 $5) 17. Rd2 Bxf3 (17... cxd4 18. Nxd4 Bxg2 19.
Kxg2 e5 $11) 18. Bxf3 cxd4 (18... e5 $5) 19. Rxc8 Rxc8 20. Rxd4 (20. Qxd4 Qxd4
21. Rxd4 Nf6 22. Bb7 Rc1+ 23. Kg2 Kf8 $11) 20... Ne5 $11 21. Bb7 Ng4 22. e3 $4
(22. Bf3 Ne5 $11) (22. f3 $2 Rc2 $1 23. Qxc2 (23. Qa1 Rd2 $19) 23... Qxd4+ 24.
Kh1 Qa1+ $19) 22... Rc1+ 23. Kg2 Nxe3+ $1 24. Kh3 Rc2 25. Qa1 e5 26. Rh4 Qxf2
27. Qh1 g5 28. Re4 Qf5+ 29. g4 Qf2 0-1

[Event "ISR-ch sf"]
[Site "Ramat Aviv"]
[Date "2000.08.??"]
[Round "?"]
[White "Maryasin, Boris Feliksovich"]
[Black "Tsesarsky, Ilya"]
[Result "1-0"]
[WhiteElo "2427"]
[BlackElo "2489"]
[Annotator "Tsesarsky,I"]
[PlyCount "63"]
[EventDate "2000.08.16"]
[EventType "swiss"]
[EventRounds "9"]
[EventCountry "ISR"]
[SourceTitle "CBM 078"]
[Source "ChessBase"]
[SourceDate "2000.10.18"]
[SourceVersion "1"]
[SourceVersionDate "2000.10.18"]
[SourceQuality "1"]

1. g3 Nf6 2. Bg2 d5 3. d3 e6 4. Nf3 Nbd7 5. O-O b6 6. c4 Bb7 7. b3 Be7 8. Bb2
O-O 9. Nc3 c5 10. cxd5 {White play very modest variation, so Black equalized
without any problems.} (10. e3 $11 {Theory}) 10... exd5 ({Quite well was} 10...
Nxd5 11. Nxd5 Bxd5 12. d4 Bf6 13. Qd2 Rc8 14. dxc5 Nxc5 15. Rfd1 Ne4 16. Bxf6
Qxf6 17. Qd4 $11) 11. Nh4 Re8 12. d4 cxd4 $6 $14 ({Better was} 12... Bf8 13.
Nf5 Rc8 14. dxc5 (14. Ne3 cxd4 15. Qxd4 Bc5 $17) 14... bxc5 (14... Nxc5) 15.
Nxd5 (15. Ne3 Nb6 $132) 15... Nxd5 16. Bxd5 Bxd5 17. Qxd5 Rxe2 18. Rfd1 Rxb2
19. Qxd7 $11) 13. Nb5 Ba6 (13... d3 14. Qxd3 Nc5 (14... Ba6 15. a4 Nc5 16. Qf3
Bc8 17. Rad1 $14) 15. Qd1 $14) 14. Nxd4 Bc5 15. Nhf5 Ne5 16. a3 Qd7 17. Rc1
Rad8 18. Rc2 g6 $2 {Black weaken black squares near K without any reason.} ({
Good was} 18... Ne4 19. b4 Bf8 20. Bh3 Kh8 21. Qb1 Nc4 22. Rfc1 $14) 19. Qc1 $1
{[%cal Gb3b4,Gc1h6]} Ne4 $8 20. b4 Bxd4 (20... gxf5 $2 21. bxc5 bxc5 22. Bxe4
fxe4 23. Qg5+ Ng6 24. Nf5 $18) 21. Nh6+ (21. Nxd4 Nc4 22. Rd1 Rc8 $14) 21...
Kf8 22. Bxd4 Rc8 23. Rxc8 Bxc8 24. Rd1 $6 ({Very strong was} 24. Bxe4 $1 dxe4
25. Bxe5 Rxe5 26. Rd1 Qb7 (26... Qe8 27. Qf4 {[%csl Re5,Rf7,Rf8][%cal Gf4f6]})
27. Qc3 f6 28. Rd8+ Kg7 29. Rxc8 Kxh6 30. Rc7 $16) 24... Qe6 (24... Nc4 25. f3
Ned6 26. Ng4 $16) 25. f3 ({Here is not effective} 25. Bxe4 dxe4 26. Qc7 (26.
Bxe5 Qxe5 $11) 26... Re7 27. Qxe5 Qxe5 28. Bxe5 Rxe5 29. Rd8+ Re8 30. Rxe8+
Kxe8 31. Ng8 {White position seems better, but it is not true.} Kf8 32. Nf6 Bf5
33. g4 Ke7 34. g5 (34. Ng8+ Kf8 35. gxf5 Kxg8 36. fxg6 hxg6 37. Kg2 f5 38. Kg3
Kg7 39. Kf4 Kf6 40. h4 b5 41. f3 exf3 42. exf3 a6 43. Ke3 Ke5 44. f4+ Ke6 $11)
34... h6 35. h4 hxg5 36. hxg5 Kd6 37. Kg2 Ke5 38. Kg3 $11) 25... Nd6 26. f4
Nec4 27. f5 $2 ({I calculated} 27. Bxd5 $1 Qxd5 ({My opponent didn't play
27Bd5 because of} 27... Qxe2 {but here White has advantage:} 28. Nxf7 Bb7 29.
Nxd6 Bxd5 30. Bg7+ Kg8 31. Rxd5 Nxd6 32. Rxd6 Kxg7 33. Qc3+ Kh6 34. Rd7 $16)
28. Bg7+ Kxg7 29. Rxd5 Kxh6 {I evaluated this position as equal, but White
position is better:} 30. a4 f5 (30... a6 31. f5+ Kg7 32. Qf4 Bxf5 33. Rxd6 Re4
34. Qxe4 Bxe4 35. Rd4 $16) 31. Rd4 Be6 32. g4 Bf7 33. g5+ Kg7 34. Qc3 Kg8 35.
Qd3 Re3 36. Qd1 Re6 37. b5 Kf8 (37... Ne3 38. Qc1 $18) 38. h4 Ke7 39. Qe1 Re3 (
39... Re4 40. Rxe4+ fxe4 (40... Nxe4 41. Qa1 Nc5 42. Qg7 Nxa4 43. h5 gxh5 44.
Qxh7 $18) 41. Qc3 $16) 40. Rd3 Re4 41. Qc3 $16) 27... Qxe2 28. Bxd5 Ne5 (28...
Bb7 29. Bxb7 Nxb7 $132) 29. Rf1 Bxf5 30. Qf4 $1 Bh3 $1 (30... f6 31. g4 Kg7 32.
Nxf5+ (32. gxf5 g5 $17) 32... gxf5 33. gxf5 $132) 31. Bxe5 Qxe5 $4 $138 {
[%mdl 8192] Unbelievable!} ({After} 31... Rxe5 32. Nxf7 {I didn't see} Qe3+ $1
({Black can force draw:} 32... Qxf1+ 33. Qxf1 Bxf1 34. Nxe5 Bb5 $11) (32...
Rxd5 33. Nxd6+ Bf5 $11 (33... Rf5 34. Qh6+ Kg8 (34... Ke7 35. Nxf5+ $18) 35.
Qxh3 $18)) 33. Rf2 (33. Qxe3 Rxe3 34. Nxd6+ Bxf1 35. Kxf1 Rd3 $19) 33... Rxd5
$1 (33... Qxf4 34. Nxe5 $1 Qxf2+ 35. Kxf2 $11) 34. Nxd6+ (34. Ng5+ Qxf4 35.
Rxf4+ Bf5 $19) 34... Qxf4 35. Rxf4+ Ke7 36. Ne4 (36. Nc4 g5 37. Re4+ Kf6 38. a4
Bf5 $15) 36... g5 37. Rf3 Re5 38. Re3 Bf5 39. Nc3 Rxe3 40. Nd5+ Kd6 41. Nxe3
Be6 $15) 32. Qxf7+ 1-0